000 00425cam a22001337a 4500
008 180718b1995 xxu||||| |||| 00| 0 eng d
082 _aPROJ.REP. 1995/NAR
100 _aNarain, M.K.
245 _aUpgradation of slums: a study of Kanpur city
_cby M.K. Narain
260 _aNew Delhi
_bIndian Institute of Public Administration
_c1995
300 _a121p.
440 _aIIPA Working Paper, 1995: 7
650 _aUrban development
999 _c492303
_d492303